Statistiques concernant Personnages de jeux-vidéo en images - R

Cliquez ici pour prendre le quiz!

Statistiques générales

  • Ce quiz a été pris 111 fois
  • Le résultat moyen est 7 sur 18

Statistiques - réponses

Réponse% Correct
Rayman
96%
Ratchet
86%
R.O.B
78%
Red
71%
Rouge The Bat
46%
Reinhardt
43%
Roy
40%
Raiden
38%
Ridley
37%
Rounard
33%
Rammus
32%
Rauru
23%
Richter Belmont
17%
Riku
14%
Rex
11%
Ragnaros
8%
Ralsei
7%
Ryuji Sakamoto
4%

Distribution des résultats

Percentile par nombre de réponses

% des personnes avec chaque résultat

Votre développement - résultats

Vous n’avez pas pris ce quiz